Countries that Jetpunk shows their subdivisions - Statistics

General Stats
  • This quiz has been taken 45 times
  • The average score is 11 of 12
Answers on the Map
Answers color-coded by a green-red scale on the quiz's map according to % correct below.
 
Answer Stats
Answer % Correct
China
100%
United States
100%
Australia
97%
Brazil
97%
Canada
97%
Mexico
97%
France
94%
Germany
94%
India
94%
Spain
94%
United Kingdom
94%
Italy
88%
No matching quizzes found
Score Distribution
Percent of People with Each Score
Percentile by Number Answered
Your Score History
You have not taken this quiz